Top 10 Tea consuming countries in world - Statistics

General Stats
  • This quiz has been taken 76 times
  • The average score is 4 of 10
Answer Stats
Kg per capita 2016 Answer % Correct
2.74 UK
97%
3.22 Ireland
76%
7.54 Turkey
54%
4.34 Morocco
31%
1.89 UAE
25%
1.60 Qatar
21%
1.61 Kuwait
19%
1.54 Kazakhstan
13%
3.22 Mauritania
12%
2.08 Seychelles
4%
No matching quizzes found
Score Distribution
Percent of People with Each Score
Percentile by Number Answered
Your Score History
You have not taken this quiz